[Event "Madrid Oliver Gonzalez Memorial-B 3rd"]
[Site "Madrid"]
[Date "2012.09.08"]
[Round "8"]
[White "Duque Suarez, Leonardo"]
[Black "Sanchez Romero, Ruben"]
[Result "1-0"]
[WhiteElo "1640"]
[BlackElo "1788"]
[PlyCount "53"]
[EventDate "2012.09.01"]
[EventType "swiss"]
[EventRounds "9"]
[EventCountry "ESP"]
[SourceTitle "CBM 150 Extra"]
[Source "ChessBase"]
[SourceDate "2012.10.19"]
[SourceVersion "1"]
[SourceVersionDate "2012.10.19"]
[SourceQuality "1"]

1. e4 c5 2. Nf3 d6 3. Bb5+ Bd7 4. Bxd7+ Nxd7 5. c4 g6 6. Nc3 Ngf6 7. 0-0 Bg7 8. d4 cxd4 9. Nxd4 0-0 10. Be3 a6 11. h3 Rc8 12. b3 Qa5 13. Rc1 Rc7 14. Qd2 Qh5 15. Nde2 Re8 16. Nf4 Qa5 17. Rfd1 Rc6 18. Nd3 Rec8 19. b4 Qc7 20. Nd5 Nxd5 21. cxd5 Rc3 22. Rxc3 Qxc3 23. Rc1 Qa3 24. Rxc8+ Nf8 25. Bh6 f6 26. Rc7 Qa4 27. Bxg7 1-0

[Event "Madrid Oliver Gonzalez Memorial-B 3rd"]
[Site "Madrid"]
[Date "2012.09.05"]
[Round "5"]
[White "Diaz Begonte, Manuel"]
[Black "Duque Suarez, Leonardo"]
[Result "1-0"]
[WhiteElo "1776"]
[BlackElo "1640"]
[PlyCount "37"]
[EventDate "2012.09.01"]
[EventType "swiss"]
[EventRounds "9"]
[EventCountry "ESP"]
[SourceTitle "CBM 150 Extra"]
[Source "ChessBase"]
[SourceDate "2012.10.19"]
[SourceVersion "1"]
[SourceVersionDate "2012.10.19"]
[SourceQuality "1"]

1. e4 c6 2. d4 d5 3. e5 Bf5 4. h4 c5 5. Bd3 Bxd3 6. Qxd3 Nc6 7. c3 cxd4 8. cxd4 Qb6 9. Ne2 e6 10. 0-0 h5 11. Nbc3 Nge7 12. Bg5 Nf5 13. Nxd5 exd5 14. Qxf5 Nxd4 15. Nxd4 Qxd4 16. e6 f6 17. Qg6+ Kd8 18. Qf7 Qa4 19. Bxf6+ 1-0

[Event "Madrid Oliver Gonzalez Memorial-B 3rd"]
[Site "Madrid"]
[Date "2012.09.03"]
[Round "3"]
[White "Garcia Salamero, Hector"]
[Black "Duque Suarez, Leonardo"]
[Result "1-0"]
[WhiteElo "1868"]
[BlackElo "1640"]
[PlyCount "51"]
[EventDate "2012.09.01"]
[EventType "swiss"]
[EventRounds "9"]
[EventCountry "ESP"]
[SourceTitle "CBM 150 Extra"]
[Source "ChessBase"]
[SourceDate "2012.10.19"]
[SourceVersion "1"]
[SourceVersionDate "2012.10.19"]
[SourceQuality "1"]

1. e4 e6 2. d4 d5 3. e5 c5 4. c3 Nc6 5. Nf3 Qb6 6. a3 c4 7. Nbd2 Na5 8. g3 Be7 9. Bh3 Bd7 10. 0-0 0-0-0 11. Ne1 h5 12. f4 h4 13. g4 f6 14. Nef3 Be8 15. Qe1 fxe5 16. Nxe5 g5 17. fxg5 Bxg5 18. Ndf3 Bxc1 19. Rxc1 Nh6 20. Rc2 Ba4 21. Rg2 Nc6 22. g5 Nf5 23. Nf7 Ncxd4 24. cxd4 Nxd4 25. Nxd4 Qxd4+ 26. Kh1 1-0